Fundamentals of chemical reaction engineering /

Guardado en:
Autor Principal: Holland, Charles Donald.
Otros Autores: Anthony, Rayford G. 1935-
Formato: Libro
Idioma:English
Publicado: Englewood Cliffs, N.J. : Prentice-Hall, c1978.
Series:Prentice-Hall international series in the physical and chemical engineering sciences
Materias:
Etiquetas: Agregar Etiqueta
Sin Etiquetas, Sea el primero en etiquetar este registro!
LEADER 00953cam a22002415a 4500
001 EIQ.libpla002225
008 780601s1978####njua#####b####001#0#eng#d
005 20070510180106.0
245 1 0 |a Fundamentals of chemical reaction engineering /  |c Charles D. Holland, Rayford G. Anthony. 
260 |a Englewood Cliffs, N.J. :  |b Prentice-Hall,  |c c1978. 
300 |a xiv, 541 p. :  |b il. ;  |c 24 cm. 
490 0 |a Prentice-Hall international series in the physical and chemical engineering sciences 
504 |a Incluye referencias bibliográficas e índice. 
020 |a 0133355969 
100 1 |a Holland, Charles Donald. 
700 1 |a Anthony, Rayford G.  |q (Rayford Gaines),  |d 1935- 
082 0 0 |a 660.2/9/9 
650 4 |a Reactores  |x Cinética. 
650 4 |a Reactors  |x Kinetics. 
010 |a  78018372  
040 |a DLC  |c DLC  |d AR-BbSID 
859 |a AR-BbSID  |b BIB. PLAPIQUI  |h 660.299  |i H 719  |p 942  |t Ej. 1 
859 |a AR-BbSID  |b BIB. PLAPIQUI  |h 660.299  |i H 719  |p 943  |t Ej. 2  |v Ej. 2